000 00636cam a22002531 4500
001 sa 68009119
003 DLC
005 20260227112540.0
008 941012s1968 ii 000 0 beno
010 _asa 68009119
025 _aPL480:I-B-3537
035 _a(OCoLC)31268949
040 _aDLC
_cCU
_dCU
_dDLC
042 _apremarc
050 0 0 _aPK1714
_b.C45
100 1 _aChattopadhyaya, Birendra,
_d1920-
245 1 0 _aAmala mānusha.
260 _c[1968]
300 _a32 p.
_c23 cm.
500 _aIn Bengali.
600 1 0 _aGorky, Maksim,
_d1868-1936.
650 0 _aBengali poetry.
700 1 _aGorky, Maksim,
_d1868-1936.
999 _c82729
_d82729